| 000 | 00718nam a2200229 u 4500 | ||
|---|---|---|---|
| 005 | 20230302063639.0 | ||
| 008 | 141202s2006 es r 000 0 spa d | ||
| 020 | _a8426135471 (10 dígitos) | ||
| 020 | _a9788426135476 (13 dígitos) | ||
| 035 | _aUPN01000200969 | ||
| 049 | _aI | ||
| 050 | 4 |
_aPZ7 _bR6.3 |
|
| 100 | 1 |
_aRohmann, Eric, _d1957- _936630 |
|
| 245 | 1 | 0 |
_aClara y Asha / _cEric Rohmann ; tr. Elodie Bourgeois Bertín. |
| 260 |
_aBarcelona, Esp. : _bJuventud, _c2006. |
||
| 300 |
_a[30] p. : _bprincipalmente il. col. |
||
| 650 | 7 |
_aLiteratura infantil estadounidense _2 _99173 |
|
| 650 | 2 |
_aImaginación _910940 |
|
| 650 | 0 |
_aAmistad en la literatura _910763 |
|
| 905 | _aInfantil | ||
| 999 |
_c173070 _d173070 |
||